| 000 | 00750nam a2200241 a 4500 | ||
|---|---|---|---|
| 001 | 745 | ||
| 003 | BR-CuiBMT | ||
| 005 | 20231129140538.0 | ||
| 008 | 231116s2003 mgb 000 0 por d | ||
| 040 |
_aBR-CuiBMT _cBR-CuiBMT |
||
| 080 |
_a342 _22007 |
||
| 090 |
_a342 _bB522d |
||
| 100 | 1 | 0 |
_aBernardes, Wilba Lúcia Maia _d1965- |
| 245 |
_aDireito constitucional / _cWilba Lúcia Maia Bernardes. |
||
| 260 |
_aBelo Horizonte : _bPUC Minas Virtual, _c2003. |
||
| 300 |
_a74 p. ; _c21 cm |
||
| 504 | _ainclui bibliografia. | ||
| 650 |
_aDireito constitucional _zBrasil |
||
| 650 |
_aDireito constitucional _xCidadania _zBrasil |
||
| 650 |
_aDireito constitucional _xEstado democrático _zBrasil |
||
| 650 |
_aDireito público _zBrasil |
||
| 942 |
_2udc _cLV |
||
| 999 |
_c745 _d745 |
||